| 000 | 00510nam a2200169Ia 4500 | ||
|---|---|---|---|
| 008 | 140609s9999 xx 000 0 und d | ||
| 020 | _a9780071078009 | ||
| 050 |
_aTX 911.3.M27 _b.B575 2012 |
||
| 100 | _aBhakta, Anutosh. | ||
| 245 |
_aProfessional hotel front office management / _cAnutosh Bhakta |
||
| 260 |
_aNew Delhi : _bTata McGraw Hill Education, _cc2012. |
||
| 300 |
_a320 p. : _bill. ; _c24 cm. |
||
| 500 | _aIncludes glossary and index. | ||
| 521 | _aBSBA | ||
| 942 |
_kFOR _cBK |
||
| 999 |
_c118055 _d118055 |
||